00290nam a2200121Ia 4500008004100000020001800041041000800059082001000067100001600077245003700093260003000130300000800160221201s9999 xx 000 0 und d a9780750657174 aeng a711.5 aMoughtin C. aUrban Design: Street And Square. bArchtectural Press.c2003 a300